| 000 | 00651nam a22002172 4500 | ||
|---|---|---|---|
| 001 | 0000011897 | ||
| 005 | 20151217152103.0 | ||
| 008 | 090119s xx 000 0 eng d | ||
| 020 | _a0761970699 : | ||
| 040 |
_aKABU _cKABU |
||
| 100 | 1 |
_aHolmes, David. _@0000148363 |
|
| 245 | 1 | 0 |
_aCommunication theory : _bmedia, technology, society / _cDavid Holmes. |
| 250 | _a1st ed. | ||
| 260 |
_aLondon : _bSage, _c2005. |
||
| 300 | _axv, 255 p. | ||
| 650 | 0 |
_aMass media and technology. _@0000167940 |
|
| 650 | 0 |
_aMass media _xSocial aspects. _@0000167941 |
|
| 852 | 1 | _9p2550 KES | |
| 908 | _a090119 | ||
| 950 | _@1 | ||
| 999 |
_c8085 _d8085 |
||